|
|
|
|
| LEADER |
00864cam a2200241 7i4500 |
| 001 |
0000051999 |
| 005 |
20181023090000.0 |
| 008 |
181023 eng |
| 020 |
|
|
|a 0132311496 (international ed.)
|
| 020 |
|
|
|a 9780132311496(international ed.)
|
| 090 |
0 |
0 |
|a HF5686.I56
|b C46 2011
|
| 100 |
1 |
|
|a Choi, Frederick D. S
|
| 245 |
1 |
0 |
|a International accounting
|c Frederick D. S. Choi, Gary K. Meek.
|
| 250 |
|
|
|a 7th ed.
|
| 260 |
|
|
|a Boston:
|b Pearson,
|c 2011.
|
| 300 |
|
|
|a xiii, 476 p.:
|b ill.;
|c 24 cm.
|
| 500 |
|
|
|a Gift: Faculty of Business & Accountancy
|
| 504 |
|
|
|a Includes bibliogrphical references and index
|
| 650 |
0 |
0 |
|a International business enterprises --
|x Accounting
|
| 700 |
1 |
|
|a Meek, Gary K
|
| 997 |
|
|
|a Business & Accountancy, Faculty
|
| 998 |
|
|
|a Accountancy, Degree
|
| 999 |
|
|
|a 0000063906
|b BOK
|c OPEN SHELF
|e 1st Floor, Shah Alam
|